01249nam a2200337 a 4500001001100000003000800011006001900019007001500038008004100053015001500094016001900109020002100128040002100149035002100170050002200191082001500213100001800228245012200246260005400368300002400422504005100446533015200497650001600649650002400665655002900689700001800718700001800736710001700754856012500771999001500896ebr5000327CaPaEBRm u cr cn|||||||||001211r19971998enka sb 001 0 eng  aGB97-Y95517 a18599608122Uk z1859960812(pbk.) aCaPaEBRcCaPaEBR a(OCoLC)55965605414aRD82b.M55 1997eb04a617.962211 aMillar, J. M.10aPractical anaesthesia and analgesia for day surgeryh[electronic resource] /cJ.M. Millar, G.E. Rudkin, M. Hitchcock. aOxford :bBIOS Scientific,c1997g(1998 printing) axii, 250 p. :bill. aIncludes bibliographical references and index. aElectronic reproduction.bPalo Alto, Calif. :cebrary,d2013.nAvailable via World Wide Web.nAccess may be limited to ebrary affiliated libraries. 0aAnesthesia. 0aAmbulatory surgery. 7aElectronic books.2local1 aRudkin, G. E.1 aHitchcock, M.2 aebrary, Inc.40uhttp://site.ebrary.com/lib/rucke/Doc?id=5000327zAn electronic book accessible through the World Wide Web; click to view c2759d2759